LEADER 01268nam--2200361---450- 001 990002757440203316 005 20060614162034.0 010 $a0-07-084050-4 035 $a000275744 035 $aUSA01000275744 035 $a(ALEPH)000275744USA01 035 $a000275744 100 $a20060614d1975----km-y0itay0103----ba 101 $aeng 102 $aGB 105 $a||||||||001yy 200 1 $aAccounting values and inflation$fWilliam T. Baxter$gsponsored by the Research Committee of the Institute of Chartered Accountants in England and Wales 210 $aLondon$cMcGraw-Hill$d1975 300 $aIncludes the text of 'Accounting for changes in the purchasing power of money' / issued by the Institute of Chartered Accountants in England and Wales, May 1974 (Provisional statement of standard accounting practice ; no.7) 410 0$12001 454 1$12001 461 1$1001-------$12001 606 0 $aIflazione$xcontabilità 676 $a332.41 700 1$aBAXTER,$bWilliam Threipland$0371932 801 0$aIT$bsalbc$gISBD 912 $a990002757440203316 951 $aP07 130$bDISTRA 959 $aBK 969 $aDISTRA 979 $aDISTRA1$b90$c20060614$lUSA01$h1620 996 $aAccounting values and Inflation$9424558 997 $aUNISA LEADER 01961nam2 2200361 i 450 001 VAN0072070 005 20100118120000.0 010 $a06-7499-055-2 100 $a20091023d1989 |0itac50 ba 101 $aeng$aGRC 102 $aGB 105 $a|||| ||||| 200 1 $aˆ1: ‰Books 1-2$fwith an english translation by Horace Leonard Jones$gbased in part upon the unfinshed version of John Robert Sitlington Sterrett 205 $aRist 210 $aCambridge$aLondon$cHarvard university$d1989 215 $aXLVI, 529 p., [1] c. di tav.$cill.$d17 cm. 410 1$1001VAN0034699$12001 $aˆThe ‰Loeb classical library$1210 $aLondon$cHeinemann$aNew York$cPutnams$a[poi] Cambridge (Mass.)$cHarvard university$aLondon$cHeinemann.$v49 461 1$1001VAN0072069$12001 $aˆThe ‰geography of Strabo$ein eight volumes$fwith an English translation by Horace Leonard Jones$1205 $aCambridge$bMass. : Harvard university$gLondon : Heinemann$1210 $dv. ; 17 cm$1215 $aTesto greco a fronte.$v1 620 $aUS$dCambridge $3VANL000513 700 0$aStrabo$3VANV055900$0169725 702 1$aSterret$bJohn Robert Sitlington$3VANV057076 712 $aHarvard university $3VANV108082$4650 790 0$aStrabon$zStrabo$3VANV207207 790 0$aStrabone$zStrabo$3VANV207208 790 0$aStrabone : da Amasea$zStrabo$3VANV207209 801 $aIT$bSOL$c20240607$gRICA 899 $aBIBLIOTECA DEL DIPARTIMENTO DI GIURISPRUDENZA$1IT-CE0105$2VAN00 899 $aBIBLIOTECA DEL DIPARTIMENTO DI LETTERE E BENI CULTURALI$1IT-CE0103$2VAN07 912 $aVAN0072070 950 $aBIBLIOTECA DEL DIPARTIMENTO DI LETTERE E BENI CULTURALI$d07CONS Xd 4 Str $e07 264 20091023 950 $aBIBLIOTECA DEL DIPARTIMENTO DI GIURISPRUDENZA$d00CONS XVIII.O.48 (1) $e00 13915112 20120717 996 $aBooks 1-2$91436482 997 $aUNICAMPANIA